The Combine Usage of Bloated Slate, Stone Dust and Plastic Waste for the Production of Structural and Non-structural Lightweight Concrete / (Record no. 536182)

000 -LEADER
fixed length control field 00574nam a22001457a 4500
082 ## - DEWEY DECIMAL CLASSIFICATION NUMBER
Classification number 200
100 ## - MAIN ENTRY--PERSONAL NAME
Personal name Ullah, Shaheed
245 ## - TITLE STATEMENT
Title The Combine Usage of Bloated Slate, Stone Dust and Plastic Waste for the Production of Structural and Non-structural Lightweight Concrete /
Statement of responsibility, etc. Shaheed Ullah
260 ## - PUBLICATION, DISTRIBUTION, ETC.
Place of publication, distribution, etc. Islamabad :
Name of publisher, distributor, etc. MCE - NUST,
Date of publication, distribution, etc. 2017.
300 ## - PHYSICAL DESCRIPTION
Extent 81 p. ;
700 ## - ADDED ENTRY--PERSONAL NAME
Personal name Supervisor: Lt Col Dr Muhammad Maqbool Sadiq
856 ## - Uniform Resource Identifier
Uniform Resource Identifier <a href=" http://10.250.8.41:8080/xmlui/handle/123456789/11830"> http://10.250.8.41:8080/xmlui/handle/123456789/11830</a>
942 ## - ADDED ENTRY ELEMENTS (KOHA)
Source of classification or shelving scheme
Koha item type Soft Copy
700 ## - ADDED ENTRY--PERSONAL NAME
-- 127088
Holdings
Withdrawn status Lost status Source of classification or shelving scheme Damaged status Not for loan Permanent Location Current Location Shelving location Date acquired Full call number Barcode Date last seen Price effective from Koha item type
          Central Library (CL) Central Library (CL) Thesis 10/02/2020 200 CL-T-6384 10/02/2020 10/02/2020 Soft Copy
© 2023 Central Library, National University of Sciences and Technology. All Rights Reserved.